<?xml version="1.0" encoding="UTF-8"?>
<marc:record xmlns:marc="http://www.loc.gov/MARC21/slim">
   <marc:leader>00000nam a2200000 a 4500</marc:leader>
   <marc:datafield ind1="1" ind2=" " tag="100">
      <marc:subfield code="a">De la Motte, Anders</marc:subfield>
      <marc:subfield code="4">aut</marc:subfield>
      <marc:subfield code="e">Verfasser/-in</marc:subfield>
   </marc:datafield>
   <marc:datafield ind1=" " ind2=" " tag="653">
      <marc:subfield code="a">Krimis, Thriller, Spionage</marc:subfield>
   </marc:datafield>
   <marc:datafield ind1="0" ind2="0" tag="245">
      <marc:subfield code="a">Eisiges Glas</marc:subfield>
   </marc:datafield>
   <marc:datafield ind1="0" ind2="0" tag="245">
      <marc:subfield code="b">Leonore Askers besondere Fälle. Kriminalroman | Band 2 der schwedischen Bestseller-Krimi-Reihe I »Ein fesselnder Pageturner« Göteborgs-Posten</marc:subfield>
   </marc:datafield>
   <marc:datafield ind1="0" ind2="0" tag="245">
      <marc:subfield code="c">De la Motte, Anders</marc:subfield>
   </marc:datafield>
   <marc:datafield ind1=" " ind2="1" tag="264">
      <marc:subfield code="a">München</marc:subfield>
      <marc:subfield code="b">Droemer Taschenbuch</marc:subfield>
      <marc:subfield code="c">2024</marc:subfield>
   </marc:datafield>
   <marc:datafield ind1="1" ind2=" " tag="490">
      <marc:subfield code="a">Leo Asker</marc:subfield>
      <marc:subfield code="v">2</marc:subfield>
   </marc:datafield>
   <marc:datafield ind1=" " ind2=" " tag="250">
      <marc:subfield code="a">1. Auflage</marc:subfield>
   </marc:datafield>
   <marc:datafield ind1="1" ind2=" " tag="520">
      <marc:subfield code="a">Kaum hat Kriminalinspektorin Leonore Asker ihren ersten Fall als Leiterin der Abteilung für hoffnungslose Fälle gelöst, nimmt ihr Vater nach jahrelangem Schweigen Kontakt zu ihr auf. Der Prepper steht unter Verdacht, mit dem Tod eines Urban Explorers in Zusammenhang zu stehen, dessen Leiche ohne Augen aufgefunden wurde – und droht sich der Verhaftung ohne Hilfe seiner Tochter gewaltsam zu widersetzen. Zur gleichen Zeit erhält Leos Kindheitsfreund Martin Hill den Auftrag, auf einer Privatinsel mit verlassenem Observatorium an einer Biografie zu arbeiten. Bald entdeckt Hill, dass es in der Gegend noch mehr Geschichten gibt – über mysteriöse Lichter und über Körper ohne Augen …</marc:subfield>
   </marc:datafield>
   <marc:datafield ind1=" " ind2=" " tag="020">
      <marc:subfield code="a">9783426309551</marc:subfield>
      <marc:subfield code="9">9783426309551</marc:subfield>
   </marc:datafield>
   <marc:datafield ind1=" " ind2=" " tag="041">
      <marc:subfield code="a">ger</marc:subfield>
   </marc:datafield>
   <marc:datafield ind1="0" ind2=" " tag="490">
      <marc:subfield code="v">2</marc:subfield>
   </marc:datafield>
   <marc:datafield ind1=" " ind2=" " tag="300">
      <marc:subfield code="a">544 Seiten</marc:subfield>
   </marc:datafield>
</marc:record>
